| 000 | 00715na a2200253 4500 | ||
|---|---|---|---|
| 001 | 14168 | ||
| 003 | MIRAKIL | ||
| 005 | 20181213154834.0 | ||
| 008 | 161101b tu 000 0 | ||
| 035 | _a14168 | ||
| 040 |
_aMilas _btur _cTR-AnCHP |
||
| 041 | _atur | ||
| 082 |
_a951.05092 _bZ32s 1975 |
||
| 090 | _a951.05092 Z32s 1975 | ||
| 100 |
_aMao, Tse-tung _d1883-1976 |
||
| 245 |
_aSanat, kültür ve edebiyat üzerine _cMao Zedung ; Türkçesi Celal Üstel |
||
| 260 |
_aİstanbul _bKoral Yayınları _c1975 |
||
| 300 |
_a96 s _c19 sm. |
||
| 490 |
_aKoral yayınları _v9 |
||
| 650 | _aMaoizm | ||
| 651 |
_aÇin _xSiyasal tarih _yHalk Cumhuriyeti dönemi |
||
| 700 | _aÜstel, Celal | ||
| 942 |
_2ddc _cBKS |
||
| 999 |
_c1778 _d1778 |
||